Famous People Breakdown Puzzle #1 - Statistics

General Stats
  • This quiz has been taken 1,068 times
  • The average score is 18 of 30
Answer Stats
Clue Answer % Correct
Santa's word HO
96%
Not out IN
94%
Jar top LID
91%
12:00pm NOON
89%
__ and behold! LO
88%
Jump of faith LEAP
84%
Us, not them WE
83%
NaCl SALT
80%
Sushi ingredient RICE
78%
Unopened flower BUD
73%
____ la vida VIVA
71%
Singer Benatar PAT
69%
Owned, once HAD
66%
Hay bundle BALE
65%
Rock's partner? ROLL
59%
Knock on a door RAP
57%
Period in office TERM
56%
Comedian Russell BRAND
52%
BUDDHA
49%
PLATO
46%
STALIN
46%
Athlete's cup TROPHY
45%
Heroic tale SAGA
42%
NAPOLEON
41%
OPRAH
41%
VIVALDI
41%
ORWELL
23%
LIBERACE
20%
REMBRANDT
19%
PYTHAGORAS
12%
No matching quizzes found
Score Distribution
Percent of People with Each Score
Percentile by Number Answered
Your Score History
You have not taken this quiz